LEADER 00816nam0-2200301---450- 001 990010026000403321 005 20160105100944.0 010 $a978-88-14-20420-3 035 $a001002600 035 $aFED01001002600 035 $a(Aleph)001002600FED01 035 $a001002600 100 $a20160105d2015----km-y0itay50------ba 101 0 $aita 102 $aIT 105 $ay-------001yy 200 1 $a<>mandato di credito$e[Artt. 1958-1959]$fDario Scarpa 210 $aMilano$cGiuffrè$d©2015 215 $aXXI, 284 p.$d24 cm 225 1 $a<>Codice civile. Commentario 676 $a346.45074$v21$zita 700 1$aScarpa,$bDario 801 0$aIT$bUNINA$gRICA$2UNIMARC 901 $aBK 912 $a990010026000403321 952 $aVIII B 642 (151)$b2015/10$fFGBC 959 $aFGBC 997 $aUNINA LEADER 01210nam2 22003253i 450 001 TSA0000081 005 20251003044414.0 010 $a997150684X 010 $a9971509989$bpbk 100 $a20071005d1990 ||||0itac50 ba 101 | $aeng 102 $asg 181 1$6z01$ai $bxxxe 182 1$6z01$an 200 1 $aˆ1: ‰Fundamentals$fWai-Kai Chen 205 $a2. ed 210 $aSingapore [etc.]$cWorld Scientific$dc1990 215 $aXV, 324, [13] p.$d25 cm. 461 1$1001TSA0000082$12001 $aLinear networks and systems$ealgorithms and computer-aided implementations$fWai-kai Chen$v1 606 $aReti elettriche$2FIR$3CFIC012850$9E 676 $a621.319$9TRASMISSIONE DI ENERGIA ELETTRICA$v14 676 $a621.3192$9Fisica applicata. Reti (Circuiteria e linee)$v22 700 1$aChen$b, Wai-Kai$f <1936- >$3TSAV000029$4070$020760 801 3$aIT$bIT-000000$c20071005 850 $aIT-BN0095 912 $aTSA0000081 950 2$aBiblioteca Centralizzata di Ateneo$cv. 1-2$d 01SALA DING 621.319 CHE.li$e 0102 0000003415 VMA A4(0001 v. 1$fY $h19930728$i19930728 977 $a 01 996 $aFundamentals$91575279 997 $aUNISANNIO